Paroles de chanson : L'histoire de la vie, le Roi Lion - Statistiques

Statistiques générales
  • Ce quiz a été pris 55 fois
  • Le résultat moyen est 66 sur 77
Statistiques - réponses
Mot % Correct
de
100%
de
100%
de
100%
de
100%
de
100%
de
100%
et
100%
la
100%
la
100%
la
100%
la
100%
La
100%
la
100%
vie
100%
vie
100%
vie
100%
à
98%
à
98%
C'est
98%
C'est
98%
eternel
98%
eternel
98%
cycle
96%
cycle
96%
le
96%
le
96%
l'histoire
96%
l'histoire
96%
l'histoire
96%
ta
94%
Au
90%
du
88%
du
88%
enfant
86%
planète
86%
pour
86%
qui
86%
qui
86%
sur
86%
Terre
86%
tu
86%
Tu
86%
aux
84%
Dieu
84%
l'infini
84%
matin
84%
par
84%
Soleil
84%
t'attend
84%
choses
82%
ebloui
82%
merveilles
82%
savoir
82%
t'appelle
82%
t'éveilles
82%
auras
80%
tant
80%
voir
80%
franchir
76%
immortel
76%
des
74%
frontière
74%
infinie
74%
ronde
74%
beni
72%
d'une
72%
fond
72%
rend
72%
âges
70%
d'amour
70%
qu'un
70%
chaîne
68%
dans
68%
l'harmonie
66%
vient
66%
l'héritage
64%
recueillir
54%
Aucun quiz correspondant
Distribution des résultats
% des personnes avec chaque résultat
Percentile par nombre de réponses
Votre historique - résultats
Vous n’avez pas pris ce quiz